000 00916cam a2200301 a 4500
001 000003620
003 DO-SdBNP
005 20220906112803.0
007 ta
008 860430s 1975 sp a 000 f spa d
020 _a8432013943
040 _aDO-SdBNP
_bspa
_cBNPHU
041 1 7 _aspa
_heng
082 4 _aBNPHU 813.54
_bH488v, 1975
_222
100 1 _aHemingway, Ernest,
_d1899-1961.
_99091
240 1 4 _aThe old man and the sea.
_lEspañol.
245 1 3 _aEl viejo y el mar :
_bnovela /
_cErnest Hemingway ; traducción de Lino Novás Calvo.
250 _a9a ed.
260 _aBarcelona :
_bKraft,
_c1975.
300 _a172 p. :
_bil. ;
_c19 cm.
490 1 _aInfinito
534 _aTítulo original:
_tThe old man and the sea.
650 4 _aNovela estadounidense
_9262
650 4 _aLiteratura estadounidense
_9263
700 1 _aNovás Calvo, Lino,
_etr.
_911132
830 0 _aInfinito.
_911133
942 _2ddc
_cLBS1
999 _c3443
_d3443